BIBLIOTECA PODER JUDICIAL
Portal Judicial TDF

Caducidad de instancia / (Registro nro. 1305)

000 -LEADER
fixed length control field 00862nam a22002537a 4500
003 - CONTROL NUMBER IDENTIFIER
control field OSt
005 - DATE AND TIME OF LATEST TRANSACTION
control field 20180905090548.0
008 - FIXED-LENGTH DATA ELEMENTS--GENERAL INFORMATION
fixed length control field 180226b xxu||||| |||| 00| 0 spa d
020 ## - INTERNATIONAL STANDARD BOOK NUMBER
International Standard Book Number 9501405974
040 ## - CATALOGING SOURCE
Transcribing agency PJ
245 10 - MENCIÓN DE TÍTULO
Título propiamente dicho Caducidad de instancia /
Mención de responsabilidad, etc Isidoro Eisner director; coordinador Juan Pedro Colerio; Bacre...[et al.].
260 ## - PUBLICATION, DISTRIBUTION, ETC. (IMPRINT)
Place of publication, distribution, etc Buenos Aires :
Name of publisher, distributor, etc Depalma,
Date of publication, distribution, etc 1991.
300 ## - DESCRIPCION FISICA
Extent 429 p.
Dimensions 23 cm.
650 #0 - ASIENTO SECUNDARIO DE MATERIA - TERMINO TEMATICO
9 (RLIN) 1148
Topical term or geographic name as entry element DERECHO PROCESAL CIVIL
650 #0 - ASIENTO SECUNDARIO DE MATERIA - TERMINO TEMATICO
9 (RLIN) 1934
Topical term or geographic name as entry element TERMINACION DEL PROCESO
650 #0 - ASIENTO SECUNDARIO DE MATERIA - TERMINO TEMATICO
9 (RLIN) 1935
Topical term or geographic name as entry element CADUCIDAD DE INSTANCIA
700 ## - ADDED ENTRY--PERSONAL NAME
9 (RLIN) 1939
Personal name Eisner, Isidoro
Relator term director
700 ## - ADDED ENTRY--PERSONAL NAME
9 (RLIN) 1940
Personal name Colerio, Juan Pedro
Relator term coordinador
700 ## - ADDED ENTRY--PERSONAL NAME
9 (RLIN) 1941
Personal name Martínez Álvarez, Eduardo M.
700 ## - ADDED ENTRY--PERSONAL NAME
9 (RLIN) 1942
Personal name Kielmanovich, Jorge L.
700 ## - ADDED ENTRY--PERSONAL NAME
9 (RLIN) 1943
Personal name Bacre, Aldo
700 ## - ADDED ENTRY--PERSONAL NAME
9 (RLIN) 271
Personal name Gozaíni, Osvaldo Alfredo
942 ## - ADDED ENTRY ELEMENTS (KOHA)
Source of classification or shelving scheme
Koha item type Libros
Classification part 347.933
Item part CAD
Existencias
Withdrawn status Lost status Source of classification or shelving scheme Damaged status Not for loan Permanent Location Current Location Date acquired Total Checkouts Total Renewals Full call number Barcode Checked out Date last seen Date checked out Price effective from Koha item type
          Biblioteca Poder Judicial Sur Biblioteca Poder Judicial Sur 2018-08-31 2 1 347.933 CAD 0481 2021-05-06 2021-04-29 2021-04-29 2018-08-31 Libros

12 de Octubre 789 Ushuaia - Tel:  54(02901)441571
Horario de Atención: 8.00 a 17.00 hs. 
bibliotecaush@justierradelfuego.gov.ar
koha@justierradelfuego.gov.ar
Seguinos en nuestras redes @bibliojustdf 

Con tecnología Koha